000 01205cam a2200289 a 4500
003 EG-GiCUC
005 20250223030416.0
008 110524s1996 ua h f m 000 0 eng d
040 _aEG-GiCUC
_beng
_cEG-GiCUC
041 0 _aeng
049 _aDeposite
097 _aM.Sc
099 _aCai01.11.18.M.Sc.1996.Al.E
100 0 _aAli Talaat Mohamed Zakaria Ali Talaat
245 1 0 _aEffect of a acquired cellular immuno deficiency syndrome on bones and joints /
_cAli Talaat Mohamed Zakaria Ali Talaat ; Supervised Afaf Alsawi , Enas Salah Megawir , Intsar Imam Sultan
246 1 5 _aتأثير متلازمة العوز المناعى المكتسب (الايدز) على العظام والمفاصل
260 _aCairo :
_bAli Talaat Mohamed Zakaria Ali Talaat ,
_c1996
300 _a204Leaves :
_bfacsimiles ;
_c30cm
502 _aThesis (M.Sc.) - Cairo University - Faculty of Medicine - Department of Internal Medicine
700 0 _aAfaf Alsawi ,
_eSupervisor
700 0 _aEnas Salah Megawir ,
_eSupervisor
700 0 _aIntsar Imam Sultan ,
_eSupervisor
856 _uhttp://172.23.153.220/th.pdf
905 _aNazla
_eRevisor
905 _aSoheir
_eCataloger
942 _2ddc
_cTH
999 _c34062
_d34062